000 00706nam a22002537a 4500
003 UA-OsUOA
001 68276
007 ta
008 20100414b un ||||| |||| 00| 0 ukr d
100 _aКияк Т. Р.
700 _aМеньшикова Н. В.
090 _a811.112.2
_bК46
942 _cBK
040 _aUA-OsUOA
_bukr
_cUA-OsUOA
_dUA-OsUOA
245 _aDeutsch
_bрозмовні теми
300 _a208 с.
955 _a2
041 _aukr
080 _a811.112.2
020 _a978-966-580-290-7
260 _aК.
_bАкадемія
_c2009
650 7 _a8 Мовознавство. Художня література. Літературознавство
_2UDC
999 _c354476
_d354476